Представление документа в формате MARC21

ПолеНазваниеЗначение
  Тип записи a
  Библиографический уровень m
001 Контрольный номер RU/URAIT/588313
005 Дата корректировки 20260429163637.5
008 Кодируемые данные 260429s2026 RU y f j 000 0 rus u
020 Индекс ISBN __
a ISBN 978-5-534-13968-6
c Цена, тираж 0.00
040 Источник каталогиз. __
a Служба первич. каталог. ИКО Юрайт
c Служба, преобразующая запись ИКО Юрайт
e Правила каталог. RCR
041 Код языка издания __
a Код языка текста rus
044 Код страны публикации __
a Код страны публикации RU
080 Индекс УДК __
a Индекс УДК 911.3(075.8)
084 Индекс другой классификации/Индекс ББК __
2 Источник индекса rubbk
a Индекс другой классификации/Индекс ББК 65.04я73
100 Автор __
a Автор Мельникова Т. Б.
q Полное имя Мельникова Татьяна Борисовна
245 Заглавие __
a Заглавие Экономическая география России. Тесты
b Продолж. заглавия учебник для вузов
c Ответственность Т. Б. Мельникова.
256 Характеристики компьютерного файла __
a Характеристики компьютерного файла Электрон. дан.
260 Выходные данные __
a Место издания Москва
b Издательство Юрайт
c Дата издания 2026
300 Физическое описание __
a Объем 42 с
440 Серия __
a Серия Высшее образование
500 Примечания __
a Примечание URL: https://urait.ru/bcode/588313 (дата обращения: 29.04.2026).
520 Аннотация __
a Аннотация Представленные тесты подготовлены для проверки и оценки знаний учащихся, изучающих дисциплину «Экономическая география России». Предназначено для студентов, обучающихся по экономическим направлениям.
538 Прим. о системных особенностях __
a Прим. о системных особенностях Режим доступа: Электронно-библиотечная система Юрайт, для авториз. пользователей
653 Ключевые слова __
a Ключевые слова Социально-экономическая география. Регионоведение
653 Ключевые слова __
a Ключевые слова Экономические науки
653 Ключевые слова __
a Ключевые слова Прикладное регионоведение России
653 Ключевые слова __
a Ключевые слова Экономическая география России
653 Ключевые слова __
a Ключевые слова Социально-экономическая география России
856 Электронный адрес документа 40
n Местонахождение сервера Юрайт
g Электронная книга
q Тип электронного формата html
h Имя пользователя ЮРАЙТ
v Часы доступа к ресурсу 20271231
2 Способ доступа Показать документ
x Служебное примечание https://urait.ru/book/cover/724AE134-921D-4C4D-BA1D-2378882C07AA
u URL https://urait.ru/bcode/588313
856 Электронный адрес документа 48
q Тип электронного формата cover
u URL https://urait.ru/book/cover/724AE134-921D-4C4D-BA1D-2378882C07AA
911 __
u 0030=https://urait.ru/bcode/588313
911 __
u 073a=9785534139686
u 073d=0.00
911 __
u 106a=s
911 __
u 900l=
952 Тип литературы __
i Дисциплина Прикладное регионоведение России
952 Тип литературы __
i Дисциплина Экономическая география России
952 Тип литературы __
i Дисциплина Социально-экономическая география России